| 000 | 00821nam a2200229 u 4500 | ||
|---|---|---|---|
| 005 | 20210223132952.0 | ||
| 008 | 160606s2010 mx r 000 0 spa d | ||
| 035 | _aUPN01000211180 | ||
| 049 | _aI | ||
| 050 | 4 |
_aPZ74.1 _bB4.6 |
|
| 100 | 1 |
_aBeltrán Romero, Jaime _938931 |
|
| 245 | 1 | 0 |
_aPueblos del Valle de México : _bSan Bartolo Ameyalco y Santa Rosa Xochiac / _cJaime Beltrán Romero, Ana Luisa Montes de Oca Vega, Alberto Nulman Magidin. |
| 260 |
_aMéxico : _bPacmyc : _bCONACULTA, _c2010. |
||
| 300 |
_a36 p. : _bil. |
||
| 440 | 0 | _aTesoros del campo | |
| 650 | 4 |
_aLEYENDAS MEXICANAS - _vLITERATURA INFANTIL _922017 |
|
| 651 | 4 |
_aALVARO OBREGON, D.F. - _xHISTORIA _92721 |
|
| 700 | 1 |
_aMontes de Oca, Ana Luisa, _ecoaut. |
|
| 700 | 1 |
_aNulman Magidin, Alberto, _ecoaut. |
|
| 905 | _aInfantil | ||
| 999 |
_c183281 _d183281 |
||